| 000 | 01980nam0a2200349 4500 | ||
|---|---|---|---|
| 001 | RU\NLR\BIBL_A\022256799 | ||
| 005 | 20250625174749.0 | ||
| 010 |
_a978-5-907494-57-2 _9500 |
||
| 035 | _a(NLR Aleph) 022256799 | ||
| 090 |
_a13206201 _c13206201 |
||
| 100 | _a20240619d2023 |||y0rusy50 ca | ||
| 101 | 0 | _arus | |
| 102 | _aRU | ||
| 105 | _aа z 000yy | ||
| 181 | 0 |
_ai _baxxe |
|
| 182 | 0 | _an | |
| 200 | 1 |
_aСервис на транспорте _eучебное пособие _eдля специальности 23.05.04 "Эксплуатация железных дорог" _fО. В. Муленко _gРосжелдор, Федеральное государственное бюджетное образовательное учреждение высшего образования "Ростовский государственный университет путей сообщения" (ФГБОУ ВО РГУПС) |
|
| 203 |
_aТекст _bвизуальный _cнепосредственный |
||
| 205 | _a2-е изд., перераб. и доп. | ||
| 210 |
_aРостов-на-Дону _cРГУПС _d2023 |
||
| 215 |
_a175 с. _cил. _d21 |
||
| 225 | 1 | _aФГОС ВО | |
| 320 | _aБиблиогр.: с. 172-173 (26 назв.) | ||
| 606 | 1 |
_aЖелезнодорожный транспорт _jУчебные издания для высших учебных заведений _xСервисное обслуживание _yРоссийская Федерация _92398283 _3RU\NLR\AUTH\661429777 |
|
| 606 | 1 |
_aЖелезнодорожные перевозки _jУчебные издания для высших учебных заведений _xКачество _xУправление _92508740 _3RU\NLR\AUTH\661487395 |
|
| 686 | 1 | _aУ37(2)2-801.8я73 | |
| 686 | 1 | _aУ37(2)2-81-21я73 | |
| 700 | 1 |
_aМуленко _bО. В. _gОльга Вениаминовна |
|
| 942 | _cBOOK | ||
| 980 | _aNB | ||